Ethics education in the military /

Bibliographic Details
Other Authors: Robinson, Paul, De Lee, Nigel, Carrick, Don
Format: Book
Language:English
Published: Aldershot, England ; Burlington, VT : Ashgate Pub. Company, [2008]
Subjects:

MARC

Tag First Indicator Second Indicator Subfields
LEADER 00000cam a2200000 a 4500
001 in00002394886
005 20151109064856.0
008 070906s2008 enka b 001 0 eng
010 |a  2007037046 
015 |a GBA7A1938  |2 bnb 
016 7 |a 014469758  |2 Uk 
019 |a 183916559 
020 |a 9780754671145 (hardback : alk. paper) 
020 |a 0754671143 (hardback : alk. paper) 
020 |a 9780754671152 (pbk. : alk. paper) 
020 |a 0754671151 (pbk. : alk. paper) 
029 1 |a AU@  |b 000042186876 
035 |a (OCoLC)ocn170203920 
035 |a (OCoLC)170203920  |z (OCoLC)183916559 
040 |a DLC  |c DLC  |d YDXCP  |d BTCTA  |d BAKER  |d BWKUK  |d UKM  |d OCLCG  |d BWX  |d UtOrBLW 
049 |a TXAM 
050 0 0 |a U22  |b .E831 2008 
082 0 0 |a 174/.935500683  |2 22 
245 0 0 |a Ethics education in the military /  |c edited by Paul Robinson, Nigel de Lee, Don Carrick. 
264 1 |a Aldershot, England ;  |a Burlington, VT :  |b Ashgate Pub. Company,  |c [2008] 
264 4 |c ©2008 
300 |a xi, 208 pages :  |b illustrations ;  |c 24 cm. 
336 |a text  |b txt  |2 rdacontent 
337 |a unmediated  |b n  |2 rdamedia 
338 |a volume  |b nc  |2 rdacarrier 
504 |a Includes bibliographical references and index. 
650 0 |a Military ethics. 
650 0 |a Ethics. 
650 0 |a War  |x Moral and ethical aspects. 
700 1 |a Robinson, Paul. 
700 1 |a De Lee, Nigel. 
700 1 |a Carrick, Don. 
938 |a Baker and Taylor  |b BTCP  |n BK0007553104 
938 |a Baker & Taylor  |b BKTY  |c 124.95  |d 124.95  |i 0754671143  |n 0007553103  |s active 
938 |a Baker & Taylor  |b BKTY  |c 49.95  |d 49.95  |i 0754671151  |n 0007553104  |s active 
938 |a YBP Library Services  |b YANK  |n 2744219 
938 |a Blackwell Book Service  |b BBUS  |n R1712160  |c $49.95 
945 |a PromptCat  |b 436945 
946 |a stk 
947 |a A14836801287 
994 |a 92  |b TXA 
948 |a cataloged  |b h  |c 2008/6/18  |d c  |e asalazar  |f 2:09:32 pm 
999 |a MARS 
999 f f |s 7b01102d-7912-3e43-967a-ba842db5d0e6  |i a0a7604c-6bc4-39a9-80d7-ca31651f6982  |t 0 
952 f f |p normal  |a Texas A&M University  |b College Station  |c Sterling C. Evans Library  |d Evans: Library Stacks  |t 0  |e U22 .E831 2008  |h Library of Congress classification  |i unmediated -- volume  |m A14836801287 
998 f f |a U22 .E831 2008  |t 0  |l Evans: Library Stacks